Bureaucracies : Organisation and administration

Bibliographic Details
Main Author: Schuman, David
Format: Book
Published: New York : Macmillan Publishing , 1976
Subjects:

MARC

LEADER 00000cam a2200000 7i4500
001 0000002338
005 20050625.0
020 |a 0024081418 
040 |a INS 
090 0 0 |a JF1411.   |b S38 1976 
100 1 |a Schuman, David 
245 1 0 |a Bureaucracies :   |b Organisation and administration   |c David Schuman 
260 |a New York :   |b Macmillan Publishing ,   |c 1976 
300 |a xiip :   |b 235p ;   |c 21 cm. 
650 0 0 |a Bureaucracy 
999 |a 0000000677   |b BOOK   |c Open Shelf   |e Default branch